| 000 | 00427nam a22001697a 4500 | ||
|---|---|---|---|
| 999 |
_c526306 _d526306 |
||
| 003 | NUST | ||
| 020 | _qH/B | ||
| 038 | _awaseem | ||
| 082 |
_a891.421 _bSAB |
||
| 100 |
_aSabir Sodhai _917286 |
||
| 245 |
_aPalkan Ith Chana / _cSabir Sodhai |
||
| 260 |
_aLahore : _bIPLAC, _c1999. |
||
| 300 | _a128 p. ; | ||
| 880 |
_6100-01\r _aصابر سودائی |
||
| 880 |
_6245-02\r _aپلکاں ہیٹھ چنھاں / |
||
| 942 |
_2ddc _cBK |
||